000 00450cam a2200145 4500500
005 20260322014451.0
041 _afre
042 _adc
100 1 0 _aChampion, Yannick
_eauthor
245 0 0 _aMetal nanofoams
260 _c2026.
500 _a82
786 0 _nNanosciences and nanotechnologies | - | 2026-03-05 | p. 22-22
856 4 1 _uhttps://stm.cairn.info/nanomaterials-properties--bdti42635210-n3805-page-22?lang=en&redirect-ssocas=7080
999 _c1789424
_d1789424